Detalles MARC
| 000 -CABECERA |
| campo de control de longitud fija |
01006nam a2200265 u 4500 |
| 001 - NÚMERO DE CONTROL |
| campo de control |
000023549 |
| 005 - FECHA Y HORA DE LA ÚLTIMA TRANSACCIÓN |
| campo de control |
20200930022311.0 |
| 008 - DATOS DE LONGITUD FIJA--INFORMACIÓN GENERAL |
| campo de control de longitud fija |
101213s1978 mx r 000 0 spa d |
| 020 ## - NÚMERO INTERNACIONAL ESTÁNDAR DEL LIBRO |
| Número Internacional Estándar del Libro |
968230282X |
| 040 ## - FUENTE DE LA CATALOGACIÓN |
| Centro catalogador/agencia de origen |
DO-SdBNP |
| Lengua de catalogación |
spa |
| Centro/agencia transcriptor |
BNPHU |
| 082 ## - NÚMERO DE LA CLASIFICACIÓN DECIMAL DEWEY |
| Número de clasificación |
335.43 |
| Número de documento/Ítem |
L579n, 1978 |
| 049 ## - FONDOS LOCALES (OCLC) |
| Fondos de biblioteca |
BNGR |
| 100 1# - ENTRADA PRINCIPAL--NOMBRE DE PERSONA |
| Nombre de persona |
León, Trotski, |
| Títulos y otros términos asociados al nombre |
1879-1940. |
| 9 (RLIN) |
48541 |
| 245 10 - MENCIÓN DE TÍTULO |
| Título |
El nuevo curso : |
| Resto del título |
problemas de la vida cotidiana / |
| Mención de responsabilidad, etc. |
León Trotsky ; traducción María Teresa Poyrazián , Mónica Virasoro y Oscar Terán. |
| 250 ## - MENCIÓN DE EDICIÓN |
| Mención de edición |
3a edición corregida y aumentada |
| 260 ## - PUBLICACIÓN, DISTRIBUCIÓN, ETC. |
| Lugar de publicación, distribución, etc. |
México, D.F : |
| Nombre del editor, distribuidor, etc. |
Siglo XXI , |
| Fecha de publicación, distribución, etc. |
1978. |
| 300 ## - DESCRIPCIÓN FÍSICA |
| Extensión |
204 p. ; |
| Dimensiones |
21 cm. |
| 490 1# - MENCIÓN DE SERIE |
| Mención de serie |
Cuadernos de pasado y presente |
| Designación de volumen o secuencia |
27 |
| 500 ## - NOTA GENERAL |
| Nota general |
Incluye referencias bibliográficas y notas al pie de las páginas |
| 700 12 - PUNTO DE ACCESO ADICIONAL--NOMBRE DE PERSONA |
| Nombre de persona |
Poyrazián, María Teresa |
| Término indicativo de función/relación |
tr. |
| 9 (RLIN) |
48542 |
| 700 12 - PUNTO DE ACCESO ADICIONAL--NOMBRE DE PERSONA |
| Nombre de persona |
Virasoro, Mónica |
| Término indicativo de función/relación |
tr. |
| 9 (RLIN) |
48543 |
| 700 12 - PUNTO DE ACCESO ADICIONAL--NOMBRE DE PERSONA |
| Nombre de persona |
Terán, Oscar |
| Término indicativo de función/relación |
tr. |
| 9 (RLIN) |
31786 |
| 830 #0 - PUNTO DE ACCESO ADICIONAL DE SERIE-TÍTULO UNIFORME |
| Título uniforme |
Cuadernos de pasado y presente ; |
| Designación de volumen o secuencia |
27 |
| 9 (RLIN) |
48544 |
| 910 ## - DATOS DE OPCIÓN DEL USUARIO (OCLC) |
| Datos de opción del usuario |
Validado. Control de calidad MFF |